000 00678nam a2200229Ia 4500
003 OSt
005 20220924114557.0
006 a|||||r|||| 00| 0
007 ta
008 220923b |||||||| |||| 00| 0 san d
024 _a59601
037 _cTextual
040 _aARTS
_cARTS
_bsan
041 _2san
_asan
082 _aQ2:41y8xI60,1, 15D4 (=)
100 _aGadadhara Rajaguru
_9174339
245 0 _aGadadhara paddhatau pratham Khandam
_b kalasarah ed by Sadasiva Misra
260 _aBengal
_bAsiatic Society
_c1904
650 _aRELIGION
942 _hQ2:41y8xI60,1, 15D4 (=)
_cTEXL
_2CC
999 _c394279
_d394279